| 000 | 00355nam a22001457a 4500 | ||
|---|---|---|---|
| 003 | macl | ||
| 005 | 20180728155810.0 | ||
| 008 | 180728b xxu||||| |||| 00| 0 eng d | ||
| 040 | _cmacl | ||
| 100 |
_aBhardwaj ,Umesh _972826 |
||
| 245 | _aTraditional Indian Art | ||
| 260 |
_aAllahabad _bOm Publication _c2015 |
||
| 650 |
_aart _972827 |
||
| 942 |
_2ddc _cBK |
||
| 999 |
_c58273 _d58273 |
||